[Event "Challenge"]
[Site "http://www.queenalice.com/game.php?id=938217"]
[Date "2011.5.15"]
[Round "-"]
[White "xadereza1"]
[Black "alexcesarfe"]
[Result "1-0"]
[WhiteElo "1719"]
[BlackElo "1467"]

1. b4 e5 2. b5 b6 3. Bb2 f6 4. e3 g5 5. Be2 Bc5 6. a4 d6 7. Bh5+ Ke7 8. Qf3 d5
9. g4 a6 10. c4 Be6 11. d3 axb5 12. axb5 Rxa1 13. Bxa1 dxc4 14. dxc4 Bb4+ 15.
Bc3 Qd3 16. Bxb4+ Kd8 17. Nd2 Bxc4 18. Ne2 Bd5 19. e4 Qxf3 20. Nxf3 Bxe4 21. Rg1
Bxf3 22. Ng3 Nh6 23. h3 e4 24. Bc3 Nd7 25. Kd2 Kc8 26. Ra1 Kb7 27. Ke3 Nc5 28.
Bxf6 Re8 29. Bxe8 Nb3 30. Rb1 Nc5 31. Bc6+ Kc8 32. Bxg5 Nf7 33. Ra1 Nd7 34. Ra8+
Nb8 35. Bf4 Nd8 36. Nxe4 Bd1 37. Ra1 Bb3 38. Nf6 Ne6 39. Nxh7 Nd8 40. g5 Ndxc6
41. bxc6 Nxc6 42. Rc1 1-0

[Event "Challenge"]
[Site "http://www.queenalice.com/game.php?id=938913"]
[Date "2011.5.16"]
[Round "-"]
[White "xadereza1"]
[Black "kleberrocha"]
[Result "1-0"]
[WhiteElo "1712"]
[BlackElo "1483"]

1. b4 b5 2. a4 c6 3. e3 g5 4. axb5 Qb6 5. c4 e6 6. c5 Qc7 7. Nf3 Bg7 8. Nc3 Bxc3
9. dxc3 h6 10. Qd6 Qxd6 11. cxd6 Nf6 12. b6 a6 13. Bb2 Ne4 14. c4 Rg8 15. c5 g4
16. Nd4 h5 17. Bd3 f5 18. Bxe4 fxe4 19. g3 e5 20. Nf5 Kf7 21. Nh6+ Kg7 22. Nxg8
Kxg8 23. Bxe5 a5 24. bxa5 Na6 25. h3 Nxc5 26. hxg4 Nd3+ 27. Kf1 Nxe5 28. Rxh5
Nxg4 29. Rg5+ Kh7 30. Rxg4 Ba6+ 31. Ke1 Re8 32. Rb1 Bd3 33. Rf4 Bxb1 34. Rf7+
Kg8 35. Rxd7 Bd3 36. Rc7 Re5 37. d7 Rd5 38. b7 Bc2 39. b8=Q+ Kf7 40. d8=Q+ 1-0

[Event "Miguel me ajuda !"]
[Site "http://www.queenalice.com/game.php?id=945068"]
[Date "2011.6.1"]
[Round "-"]
[White "kleberrocha"]
[Black "xadereza1"]
[Result "0-1"]
[WhiteElo "1526"]
[BlackElo "1703"]

1. b4 b6 2. e4 Bb7 3. e5 e6 4. b5 a6 5. Nc3 axb5 6. Nxb5 Nc6 7. Qf3 Rb8 8. Ba3
Bxa3 9. Qxa3 Ra8 10. Qg3 g6 11. d4 Nh6 12. Bd3 Nb4 13. c4 Nxd3+ 14. Qxd3 Bxg2
15. f3 Bxh1 16. Nh3 Qh4+ 17. Kd2 Qxh3 18. Nxc7+ Kf8 19. Nxa8 Qxh2+ 20. Kc3 Nf5
21. Nxb6 Ke7 22. a4 Qg2 23. Nc8+ Kd8 24. Na7 Ke7 25. d5 Qxf3 26. d6+ Kf8 27.
Qxf3 Bxf3 28. Rb1 Kg7 29. c5 Ra8 30. Rb7 Bxb7 0-1

[Event "Challenge"]
[Site "http://www.queenalice.com/game.php?id=948464"]
[Date "2011.6.11"]
[Round "-"]
[White "paulofreitas"]
[Black "xadereza1"]
[Result "1-0"]
[WhiteElo "1969"]
[BlackElo "1736"]

1. d4 b6 2. Nc3 Bb7 3. e4 e6 4. Nf3 Bb4 5. a3 Bxc3+ 6. bxc3 Bxe4 7. Bd3 Bxf3 8.
Qxf3 Nc6 9. Bb5 Nce7 10. Bd2 Nf6 11. Bg5 Nf5 12. Bd3 Nd6 13. h4 h6 14. Bf4 Rb8
15. Be5 Qe7 16. Rh3 Rg8 17. O-O-O a5 18. Kb2 h5 19. Rf1 Nd5 20. Qxh5 Kd8 21. Qh7
Qf8 22. g3 f6 23. Bxd6 cxd6 24. Qh5 Rc8 25. c4 Nc7 26. f4 Ne8 27. Qf3 f5 28. c3
Nc7 29. Re1 d5 30. Qh5 dxc4 31. Bxc4 b5 32. Qg5+ Qf6 33. Ba2 Qxg5 34. hxg5 Nd5
35. Re5 Nxc3 36. Bb3 Ke7 37. g4 b4 38. axb4 axb4 39. gxf5 Kd8 40. fxe6 d6 41.
Ra5 Ke7 42. Ra7+ 1-0

[Event "Challenge"]
[Site "http://www.queenalice.com/game.php?id=949256"]
[Date "2011.6.13"]
[Round "-"]
[White "xadereza1"]
[Black "hikaritanaka"]
[Result "1-0"]
[WhiteElo "1742"]
[BlackElo "1212"]

1. b4 Nc6 2. b5 Nd4 3. e3 Nf5 4. Bb2 e6 5. a4 d5 6. c4 Qd6 7. Nf3 Qb4 8. Bc3 Qd6
9. Be5 Qd8 10. cxd5 Qxd5 11. Bxc7 Bb4 12. Be5 f6 13. Bb2 Ngh6 14. Nc3 Qd6 15.
Ne4 Qc7 16. Rc1 Qd7 17. Bc3 a5 18. Be2 Ng4 19. b6 Qd5 20. Bxb4 Qxe4 21. Rc4 Qd5
22. Rxg4 g5 23. Bc3 O-O 24. Bc4 Qc5 25. Qb3 Bd7 26. d4 Qd6 27. Re4 Rac8 28. Nd2
h5 29. Bxa5 Ra8 30. Bxe6+ Kh7 31. Bxd7 Qxd7 32. Nc4 Nd6 33. Nxd6 Qxd6 34. Bb4
Qxb6 35. Re6 Qc7 36. Re7+ Kh8 37. Rxc7 Rac8 38. Rxc8 Rxc8 39. O-O g4 40. Qe6 Ra8
41. Qxf6+ Kh7 42. a5 Ra6 43. Qf7+ Kh8 44. Qxh5+ Kg7 45. Qxg4+ Rg6 46. Qd7+ Kh6
47. Qxb7 Kh5 48. a6 Kh4 49. a7 Rg4 50. a8=Q Rg5 51. g3+ Rxg3+ 52. fxg3+ Kh3 53.
Qac8# 1-0

[Event "Challenge"]
[Site "http://www.queenalice.com/game.php?id=950146"]
[Date "2011.6.15"]
[Round "-"]
[White "xadereza1"]
[Black "Martial"]
[Result "1/2-1/2"]
[WhiteElo "1744"]
[BlackElo "1537"]

1. b4 e5 2. b5 Bc5 3. Bb2 Qf6 4. Nf3 e4 5. Bxf6 Nxf6 6. Ng1 d5 7. h3 Bd7 8. e3
O-O 9. a4 a6 10. Nc3 c6 11. Be2 h6 12. g4 d4 13. exd4 Bxd4 14. Ra3 Bxc3 15. dxc3
axb5 16. a5 Na6 17. Qa1 Nd5 18. c4 Ndb4 19. Qb2 c5 20. c3 Nd3+ 21. Bxd3 exd3 22.
Qd2 Rfe8+ 23. Kf1 bxc4 24. Ra2 Rad8 25. Ra1 Bc6 26. Rh2 Nc7 27. Re1 Ne6 28. f3
Ng5 29. Rxe8+ Rxe8 30. Kf2 Ra8 31. h4 Ne6 32. g5 Rxa5 33. gxh6 b5 34. hxg7 Nxg7
35. h5 Kh7 36. Qf4 Ra2+ 37. Kg3 d2 38. Qxd2 Rxd2 39. Rxd2 Nxh5+ 40. Kg4 Nf6+ 41.
Kg5 Nd5 42. Rh2+ Kg7 43. Rc2 b4 44. cxb4 Nxb4 45. Rxc4 f6+ 46. Kh4 Nd3 47. Kg3
Bd5 48. Rg4+ Kf7 49. Ne2 c4 50. Rd4 Be6 51. Nc3 f5 52. f4 Nc5 53. Nb5 Nb3 54.
Rd1 Nc5 55. Rc1 Ke7 56. Nd4 Nb3 57. Nxb3 cxb3 58. Rb1 Kd6 59. Kf3 Kc5 60. Ke3
Kb4 61. Kd4 Ka3 62. Kc3 Ka2 63. Rb2+ Ka3 64. Rb1 Bd5 65. Rb2 Ka4 66. Rb1 Be6 67.
Rb2 Ka3 68. Rb1 1/2-1/2

[Event "Challenge"]
[Site "http://www.queenalice.com/game.php?id=956991"]
[Date "2011.7.5"]
[Round "-"]
[White "kleberrocha"]
[Black "xadereza1"]
[Result "0-1"]
[WhiteElo "1465"]
[BlackElo "1729"]

1. e4 b6 2. e5 Bb7 3. d4 e6 4. a3 h6 5. b4 a5 6. b5 c6 7. Qf3 Qc7 8. Nc3 c5 9.
d5 Qxe5+ 10. Nge2 g5 11. Qe3 Qxe3 12. Bxe3 exd5 13. Na4 d4 14. Nxb6 Ra7 15. Bd2
Bg7 16. O-O-O Nf6 17. h4 Nd5 18. hxg5 Nxb6 19. Ng3 Nc4 20. Bxc4 Bxg2 21. Rde1+
Kf8 22. Rh4 hxg5 23. Rg4 Bf6 24. Ne4 Bxe4 25. Rgxe4 Rb7 26. Bxa5 d6 27. b6 Nc6
28. Re8+ Kg7 29. Bd5 Nxa5 30. Rh1 Rxe8 31. Be4 Rxe4 0-1

[Event "Challenge"]
[Site "http://www.queenalice.com/game.php?id=960973"]
[Date "2011.7.16"]
[Round "-"]
[White "guizimba"]
[Black "xadereza1"]
[Result "0-1"]
[WhiteElo "1614"]
[BlackElo "1716"]

1. e4 b6 2. Nf3 Bb7 3. d3 h6 4. Nc3 e6 5. d4 Bb4 6. Bd2 Bxc3 7. Bxc3 Bxe4 8. Ne5
a6 9. Qg4 Bg6 10. Qf3 Nc6 11. Nxg6 fxg6 12. d5 exd5 13. Bxg7 Qe7+ 14. Qe2 Qxe2+
15. Bxe2 Rh7 16. Bc3 d4 17. Bd2 Re7 18. Kd1 Kd8 19. a3 Kc8 20. Re1 g5 21. Bc4
Rxe1+ 22. Bxe1 Nf6 23. f3 Ne5 24. Bd3 Nxd3 25. cxd3 Nd5 26. Bf2 c5 27. Rc1 Ne3+
28. Bxe3 dxe3 29. Ke2 Kb7 30. Kxe3 Re8+ 31. Kf2 Rf8 32. g4 Rf4 33. Rc4 Kc6 34.
d4 Rxd4 35. Rxd4 cxd4 36. Ke2 Kc5 37. Kd3 a5 38. h3 d5 39. b3 b5 40. b4+ axb4
41. axb4+ Kxb4 42. Kxd4 Kb3 43. Kxd5 Kc3 44. Kc5 b4 0-1

[Event "Challenge2"]
[Site "http://www.queenalice.com/game.php?id=960974"]
[Date "2011.7.16"]
[Round "-"]
[White "xadereza1"]
[Black "guizimba"]
[Result "0-1"]
[WhiteElo "1738"]
[BlackElo "1590"]

1. b4 e5 2. b5 b6 3. Bb2 d6 4. h3 Be7 5. a4 Bf6 6. e3 a6 7. bxa6 Bxa6 8. Bxa6
Nxa6 9. c3 c5 10. Na3 Nc7 11. Nb5 Nxb5 12. axb5 Ne7 13. Rxa8 Qxa8 14. Rh2 O-O
15. h4 Qa2 16. Qc1 e4 17. Ne2 Nf5 18. g3 d5 19. Nf4 d4 20. cxd4 cxd4 21. Kf1
dxe3 22. Bxf6 exd2 23. Qd1 gxf6 24. Kg2 Rd8 25. Rh1 e3 26. g4 Rd4 27. gxf5 Rxf4
28. f3 Rxf5 29. Kg3 Rxb5 30. Qe2 Rb1 31. Rd1 Rxd1 0-1

[Event "Challenge"]
[Site "http://www.queenalice.com/game.php?id=1020725"]
[Date "2012.1.30"]
[Round "-"]
[White "xadereza1"]
[Black "Gabriel_HD"]
[Result "0-1"]
[WhiteElo "1748"]
[BlackElo "1849"]

1. b4 e5 2. b5 d5 3. e3 Nf6 4. Bb2 Bd6 5. h3 O-O 6. Nf3 Re8 7. a4 c6 8. Be2 e4
9. Nd4 c5 10. Nb3 c4 11. Nd4 Be5 12. c3 Nbd7 13. Ba3 Bxd4 14. cxd4 a6 15. Bb2
Nb6 16. bxa6 Rxa6 17. Qc2 Qd7 18. a5 Na8 19. Nc3 Nc7 20. Qa4 Qf5 21. g4 Qg5 22.
h4 Qg6 23. Nb5 Bd7 24. Nxc7 Bxa4 25. Nxa6 bxa6 26. Rxa4 Nxg4 27. Rg1 h5 28. f3
exf3 29. Bxf3 Qb1+ 30. Bd1 Qxb2 0-1

[Event "Challenge"]
[Site "http://www.queenalice.com/game.php?id=1022577"]
[Date "2012.1.31"]
[Round "-"]
[White "xadereza1"]
[Black "rrainey22"]
[Result "0-1"]
[WhiteElo "1695"]
[BlackElo "1661"]

1. b4 d5 2. e3 c6 3. a4 b6 4. b5 c5 5. Bb2 Bb7 6. h3 Nd7 7. Qg4 Ngf6 8. Bxf6
Nxf6 9. Qd1 g6 10. c3 Bg7 11. Nf3 Nd7 12. Be2 f6 13. d4 c4 14. g4 g5 15. h4 h6
16. hxg5 hxg5 17. Qc2 Rxh1+ 18. Kd2 Rh6 19. Na3 Qc7 20. Rf1 O-O-O 21. Qf5 Kb8
22. Qe6 Nf8 23. Nc2 Nxe6 24. Nb4 Nf8 25. Na6+ Bxa6 26. bxa6 Qc6 0-1

[Event "Challenge"]
[Site "http://www.queenalice.com/game.php?id=1022578"]
[Date "2012.1.31"]
[Round "-"]
[White "xadereza1"]
[Black "attachui"]
[Result "0-1"]
[WhiteElo "1696"]
[BlackElo "2138"]

1. b4 Nf6 2. b5 d5 3. e3 g6 4. Bb2 Bg7 5. a4 c5 6. h3 O-O 7. Nf3 Nbd7 8. Ne5 Qc7
9. Nxd7 Bxd7 10. c4 e6 11. Bxf6 Bxf6 12. Ra2 d4 13. e4 a6 14. Bd3 axb5 15. cxb5
c4 16. Be2 Bxb5 17. O-O Qd7 18. a5 d3 19. Bf3 Bd4 20. Qc1 Rfc8 21. Nc3 Bc6 22.
Re1 Qd6 23. Qb1 Qf4 24. Qd1 h5 25. g3 Qxg3+ 26. Bg2 Bxf2+ 27. Kf1 Bxe1 28. Qxe1
Qe5 29. Nd1 Rxa5 30. Rxa5 Qxa5 31. h4 Qe5 32. Nc3 Ra8 33. Kg1 f5 34. Kh1 fxe4
0-1

[Event "Challenge"]
[Site "http://www.queenalice.com/game.php?id=1022591"]
[Date "2012.1.31"]
[Round "-"]
[White "xadereza1"]
[Black "nuage"]
[Result "1/2-1/2"]
[WhiteElo "1712"]
[BlackElo "1591"]

1. b4 e5 2. b5 d5 3. e3 Qf6 4. Bb2 Bc5 5. h3 Ne7 6. Nf3 Nd7 7. g4 Nb6 8. Bxe5
Qe6 9. Bxc7 Nd7 10. Ba5 b6 11. Bc3 O-O 12. Nd4 Qe4 13. Rg1 Nf6 14. f3 Qe5 15.
Nc6 Nxc6 16. Bxe5 Nxe5 17. a4 Re8 18. d4 Bb4+ 19. c3 Nxf3+ 20. Qxf3 Bd6 21. g5
Ne4 22. h4 Be6 23. Ke2 Rf8 24. Bh3 Bxh3 25. Qxh3 Rac8 26. Qd7 Bh2 27. Rg2 Bd6
28. Kd3 Rfd8 29. Qxa7 Rb8 30. a5 Ra8 31. Qb7 Bf8 32. Qxb6 Nd6 33. a6 Nf5 34. h5
Re8 35. Re2 Ng3 36. Rh2 Nf1 37. Re2 Ng3 38. Rh2 Nf5 39. Re2 Ng3 40. Rh2 1/2-1/2

[Event "Challenge"]
[Site "http://www.queenalice.com/game.php?id=1022619"]
[Date "2012.1.31"]
[Round "-"]
[White "xadereza1"]
[Black "leduar"]
[Result "0-1"]
[WhiteElo "1702"]
[BlackElo "1935"]

1. c4 c5 2. a3 g6 3. b3 Bg7 4. Nc3 Bxc3 5. dxc3 Nc6 6. e3 e5 7. Qd6 Qe7 8. Qxe7+
Ngxe7 9. Ne2 d6 10. b4 O-O 11. bxc5 dxc5 12. h3 Na5 13. Ng3 Nb3 14. Rb1 Na5 15.
Ne4 Bf5 16. f3 Bxe4 17. fxe4 b6 18. Be2 Nc8 19. g4 Nd6 20. Rf1 Nxe4 21. Rf3 Nxc3
22. Rb2 Nxe2 23. Kxe2 Nxc4 24. Rb3 e4 25. Rf4 Nd6 26. Rf6 Rfd8 27. Bb2 Rac8 28.
Be5 c4 29. Rc3 Nb5 30. Rc1 Nxa3 31. Rd6 Rxd6 32. Bxd6 Nb5 33. g5 Nxd6 0-1

[Event "Challenge"]
[Site "http://www.queenalice.com/game.php?id=1022621"]
[Date "2012.1.31"]
[Round "-"]
[White "xadereza1"]
[Black "Mariany"]
[Result "1-0"]
[WhiteElo "1694"]
[BlackElo "864"]

1. b4 e5 2. b5 d6 3. Bb2 Be7 4. e4 h6 5. a4 d5 6. Bxe5 Rh7 7. exd5 h5 8. Qe2 g6
9. h3 Bh4 10. c4 Nh6 11. Bf6+ Kf8 12. Bxd8 Bxd8 13. Nc3 Bg5 14. Nf3 Bf6 15. Qd1
Bd4 16. Nxd4 Rh8 17. Be2 Bd7 18. Ne4 a6 19. Nf6 axb5 20. Nxd7+ Nxd7 21. axb5 Kg7
22. Rxa8 Rxa8 23. O-O g5 24. Bxh5 1-0

[Event "Challenge"]
[Site "http://www.queenalice.com/game.php?id=1022622"]
[Date "2012.1.31"]
[Round "-"]
[White "xadereza1"]
[Black "Mouralct"]
[Result "1-0"]
[WhiteElo "1678"]
[BlackElo "1726"]

1. d4 d5 2. Be3 e6 3. a3 Nf6 4. Nf3 Bd6 5. Ne5 O-O 6. h3 Nbd7 7. Nxd7 Bxd7 8.
Bg5 Be7 9. Bxf6 Bxf6 10. e3 b6 11. Be2 e5 12. c3 exd4 13. cxd4 Be6 14. Bg4 Bxg4
15. hxg4 c5 16. O-O cxd4 17. exd4 Rc8 18. Nc3 Rc4 19. Ne2 Qd7 20. b3 Rc6 21. Ng3
Bh4 22. Nf5 Bf6 23. Rc1 Rfc8 24. Rxc6 Rxc6 25. b4 b5 26. Qd3 g6 27. Ng3 Qxg4 28.
Qxb5 Rc4 29. Qxd5 Rxd4 30. Qa8+ Kg7 31. Qxa7 h5 32. Qa6 h4 33. Ne2 h3 34. g3 Rd5
35. f3 Bd4+ 36. Kh2 Qh5 37. Nf4 Qe5 38. Nxd5 Qxd5 39. Qe2 Qh5 40. b5 f5 41. Qe7+
Kh6 42. Qe2 Bf6 43. b6 f4 44. gxf4 Qh4 45. Qf2 Qxf4+ 46. Qg3 Qd4 47. Qxh3+ Kg7
48. Rb1 Qd6+ 49. Kh1 1-0

[Event "Challenge"]
[Site "http://www.queenalice.com/game.php?id=1022623"]
[Date "2012.1.31"]
[Round "-"]
[White "xadereza1"]
[Black "kleberrocha"]
[Result "0-1"]
[WhiteElo "1726"]
[BlackElo "1530"]

1. b4 c6 2. c4 Qb6 3. a3 Na6 4. c5 Qc7 5. Bb2 e5 6. e3 Nf6 7. Nf3 d6 8. Be2 Bg4
9. h3 Bxf3 10. Bxf3 d5 11. O-O O-O-O 12. Bg4+ Nd7 13. d4 g6 14. Qf3 e4 15. Qxf7
h5 16. Bxd7+ Rxd7 17. Qxg6 Rg7 18. Qf5+ Kb8 19. Qe5 Rhg8 20. Qxc7+ Nxc7 21. g3
h4 22. g4 Ne8 23. f3 Nf6 24. f4 Nxg4 25. hxg4 Rxg4+ 26. Kh1 Rg3 27. Bc1 Rh3# 0-1

[Event "Challenge"]
[Site "http://www.queenalice.com/game.php?id=1022624"]
[Date "2012.1.31"]
[Round "-"]
[White "xadereza1"]
[Black "REUSKING"]
[Result "1-0"]
[WhiteElo "1707"]
[BlackElo "1876"]

1. b4 d5 2. b5 c6 3. a4 Nf6 4. Bb2 Bf5 5. Bxf6 exf6 6. e3 Bd6 7. h3 O-O 8. Nf3
Nd7 9. Be2 Ne5 10. Nxe5 Bxe5 11. c3 Rc8 12. d4 Bd6 13. Bg4 Qd7 14. Bxf5 Qxf5 15.
Qf3 Qxf3 16. gxf3 c5 17. O-O cxd4 18. cxd4 Rc7 19. Nd2 Rfc8 20. Kg2 Rc2 21. Nb3
b6 22. Rfc1 f5 23. Rxc2 Rxc2 24. Rc1 Rxc1 25. Nxc1 f6 26. Nd3 Kf7 27. Nf4 Bxf4
28. exf4 g5 29. fxg5 fxg5 30. Kg3 h5 31. f4 Kg6 32. fxg5 Kxg5 33. h4+ Kg6 34.
Kf4 Kf6 35. f3 Kg6 36. Ke5 f4 37. Ke6 1-0

[Event "Challenge"]
[Site "http://www.queenalice.com/game.php?id=1022625"]
[Date "2012.1.31"]
[Round "-"]
[White "xadereza1"]
[Black "GoBois"]
[Result "1-0"]
[WhiteElo "1730"]
[BlackElo "1776"]

1. e4 d6 2. a4 g6 3. b4 Bg7 4. Nc3 Nf6 5. Rb1 O-O 6. h3 Nc6 7. b5 Nd4 8. Nce2
Nxe4 9. Nf3 Nxf3+ 10. gxf3 Ng5 11. Bb2 e5 12. Bg2 Bd7 13. c4 Be6 14. d3 f5 15.
h4 Nf7 16. Qd2 Re8 17. f4 Rb8 18. Kf1 Re7 19. Nc3 exf4 20. Nd5 Bxd5 21. Bxd5 Kf8
22. Bxg7+ Kxg7 23. Bxf7 Kxf7 24. Qxf4 Qd7 25. Qh6 Kg8 26. Re1 Rbe8 27. Rxe7 Qxe7
28. Qd2 c6 29. bxc6 bxc6 30. a5 Qe5 31. Kg2 Qe2 32. Qxe2 Rxe2 33. Ra1 Kf7 34.
Kf3 Re7 35. Rb1 Kf6 36. a6 1-0

[Event "Challenge"]
[Site "http://www.queenalice.com/game.php?id=1025559"]
[Date "2012.2.3"]
[Round "-"]
[White "plot24"]
[Black "xadereza1"]
[Result "1-0"]
[WhiteElo "1897"]
[BlackElo "1736"]

1. d4 e6 2. c4 Bb4+ 3. Bd2 Bxd2+ 4. Qxd2 Nf6 5. Nc3 Qe7 6. Nf3 a6 7. g3 b6 8.
Bg2 Bb7 9. O-O Kf8 10. Rfe1 h6 11. Ne5 Bxg2 12. Kxg2 Nc6 13. Nxc6 Qd6 14. Ne5 c5
15. e3 cxd4 16. Qxd4 Qxd4 17. exd4 d6 18. Nf3 g5 19. Nd2 h5 20. Nde4 Nxe4 21.
Nxe4 h4 22. Nxg5 Ke7 23. Re4 hxg3 24. fxg3 Rag8 25. Nh3 f5 26. Re3 Rg4 27. Rae1
Rh6 28. Nf4 Kd7 29. Rxe6 Rh7 30. a4 Rhg7 31. b4 a5 32. bxa5 Kc6 33. axb6 1-0

[Event "OS INCLIVEIS"]
[Site "http://www.queenalice.com/game.php?id=1028580"]
[Date "2012.2.10"]
[Round "-"]
[White "adelio"]
[Black "xadereza1"]
[Result "1-0"]
[WhiteElo "1724"]
[BlackElo "1728"]

1. d4 d5 2. e4 g6 3. e5 a6 4. Nc3 e6 5. a3 Nc6 6. h4 Be7 7. Nf3 Bd7 8. g4 h6 9.
Ne2 b5 10. Ng3 Qc8 11. g5 hxg5 12. Nxg5 Bxg5 13. Bxg5 Nce7 14. Qf3 Nf5 15. c3 c5
16. Rc1 c4 17. Rc2 Nxg3 18. Qxg3 Qc7 19. Qf3 Nh6 20. Qf6 1-0

[Event "Challenge"]
[Site "http://www.queenalice.com/game.php?id=1045508"]
[Date "2012.4.3"]
[Round "-"]
[White "xadereza1"]
[Black "kleberrocha"]
[Result "0-1"]
[WhiteElo "1680"]
[BlackElo "1526"]

1. a4 e5 2. e4 Nf6 3. d3 a5 4. Bg5 c6 5. Nf3 Qe7 6. Bxf6 Qxf6 7. Na3 Bb4+ 8. c3
Bxa3 9. Rxa3 b5 10. axb5 cxb5 11. h3 g5 12. g4 d6 13. d4 Bb7 14. d5 Qg6 15. Bd3
Nd7 16. Qb3 O-O 17. Kf1 Qf6 18. Qd1 b4 19. cxb4 axb4 20. Rxa8 Rxa8 0-1

[Event "Challenge"]
[Site "http://www.queenalice.com/game.php?id=1058250"]
[Date "2012.5.10"]
[Round "-"]
[White "Mouralct"]
[Black "xadereza1"]
[Result "1-0"]
[WhiteElo "1708"]
[BlackElo "1696"]

1. e4 e5 2. Bc4 Qf6 3. Nf3 h6 4. Nc3 Nc6 5. Nd5 Qd6 6. O-O Nf6 7. Nxf6+ gxf6 8.
c3 Bg7 9. Qb3 Na5 10. Bxf7+ Kf8 11. Qa4 b6 12. Bh5 c6 13. b3 1-0